| 000 | 00645nam a22001577a 4500 | ||
|---|---|---|---|
| 008 | 160506b xxu||||| |||| 00| 0 eng d | ||
| 082 |
_22013 _aUT 0491 _bSi38 |
||
| 100 |
_97685 _aSilva, Armand James E. |
||
| 245 |
_aServices delivered and the level of marketability of selected lending institutions in Digos City/ _cArmand James E. Silva, Ronel B. Celleros and Ruben R. Galanta. |
||
| 260 |
_aDigos City: _bUMDC _cNovember 2013. |
||
| 300 |
_a59 pages; _c30 cm. |
||
| 650 | 0 |
_97684 _aBusiness Administration _vMarketing Management _xUndergraduate thesis. |
|
| 700 |
_97682 _aCerellos, Ronel B. |
||
| 700 |
_97683 _aGalanta, Ruben R. |
||
| 942 |
_2ddc _cUT |
||
| 999 |
_c2342 _d2342 |
||